| 000 | 00590nam a2200205Ia 4500 | ||
|---|---|---|---|
| 005 | 20250508170034.0 | ||
| 008 | 008 250505s9999 xx 000 0 eng d | ||
| 020 | _a0-631-13756-4 | ||
| 037 | _aTextual | ||
| 040 |
_aFEDL _beng _cFEDL |
||
| 041 |
_aeng _2eng |
||
| 084 |
_a375.009 41, MOO _qFEDL |
||
| 100 | _aMoon Bob Ed. | ||
| 245 | 0 | _aNew curriculum- national curriculum | |
| 260 |
_aLondon, UK _bHodder and Stoughton _c1990 |
||
| 300 | _aviii, 184p. | ||
| 546 | _aGifted by Prof. Anita Rampal | ||
| 942 |
_cTEXL _h375.009 41, MOO |
||
| 999 |
_c1398843 _d1398843 |
||